| 000 | 00496nam a2200181Ia 4500 | ||
|---|---|---|---|
| 005 | 20250923144716.0 | ||
| 008 | 008 250917s9999 xx 000 0 eng d | ||
| 037 | _aTextual | ||
| 040 |
_aDSWL _beng _cDSWL |
||
| 041 |
_aeng _2eng |
||
| 084 |
_aY:7:7p2,M87, N07 _qDSWL |
||
| 245 | 0 |
_aSurat Conference _cby Surat First Word |
|
| 260 |
_b. All India Muslim League _c1907 |
||
| 365 |
_aINR _b20 |
||
| 925 | _g20 | ||
| 942 |
_cTEXL _hY:7:7p2,M87, N07 |
||
| 999 |
_c1442345 _d1442345 |
||